Carregando...
LEADER 01654cam a22003374a 4500
008 050223s2006 enk b 001 0 eng
010 |a  2005005308 
015 |a GBA545974  |2 bnb 
016 7 |a 013210118  |2 Uk 
020 |a 9780415482097 
035 |a (OCoLC)ocm57754307 
035 |a (OCoLC)57754307 
042 |a pcc 
082 0 0 |a 320.55G  |2 22 
100 1 |a Chakrabarty, Bidyut. 
245 1 0 |a Social and political thought of Mahatma Gandhi /  |c Bidyut Chakrabarty. 
260 |a London ;  |a New York :  |b Routledge,  |c 2006. 
300 |a xi, 234 p. ;  |c 24 cm. 
490 |a Routledge studies in social and political thought;  |v 43. 
504 |a Includes bibliographical references (p. [221]-227) and index. 
505 0 |a Gandhi : the idea of swaraj -- The Mahatma at the grassroots : the praxis of ahimsa or non-violence -- Politics and ideology : critique of Gandhi -- Gandhi's writings in Harijan : discussion and interpretation -- Introducing the text. 
650 |a Gandhism 
856 4 1 |u http://www.loc.gov/catdir/toc/ecip058/2005005308.html 
856 4 2 |u http://www.loc.gov/catdir/enhancements/fy0653/2005005308-d.html 
856 4 2 |u http://www.loc.gov/catdir/enhancements/fy1102/2005005308-b.html 
942 |c BK 
600 1 0 |a Gandhi,  |c Mahatma,  |d 1869-1948  |x Political and social views. 
906 |a 7  |b cbc  |c orignew  |d 1  |e ecip  |f 20  |g y-gencatlg 
955 |a yk10 2005-02-23  |c yk10 2005-02-23  |a aa08 2005-02-25  |a ps11 2006-12-19 1 copy rec'd., to CIP ver. 
999 |c 96710  |d 96710 
952 |0 0  |1 0  |4 0  |6 320_000000000000000_55G_CHA_S  |7 0  |9 96423  |a UL  |b UL  |c DISPLAY  |d 2011-12-08  |g 0.00  |l 4  |m 1  |o 320.55G CHA/S  |p 86925  |r 2016-05-05  |s 2016-02-28  |v 2213.18  |x 32  |y BK  |k P. 26.99